Giáo trình vệ sinh trẻ em Dùng cho sinh viên các trường Sư phạm mầm non

保存先:
書誌詳細
第一著者: Hoàng Thị Phương
フォーマット: 図書
言語:Vietnamese
出版事項: H. Đại học sư phạm 2006
版:In lần thứ ba
主題:
タグ: タグ追加
タグなし, このレコードへの初めてのタグを付けませんか!
Thư viện lưu trữ: Mạng thư viện Đại học Đà Nẵng
LEADER 01112nam a2200337 4500
001 000006426
003 2581
005 20120524080516.0
008 110909s2006 viesd
020 |c 24000đ 
041 0 |a vie 
082 |a 372.37  |b HO-P 
100 0 |a Hoàng Thị Phương 
245 0 |a Giáo trình vệ sinh trẻ em  |b Dùng cho sinh viên các trường Sư phạm mầm non  |c Hoàng Thị Phương 
250 |a In lần thứ ba 
260 |a H.  |b Đại học sư phạm  |c 2006 
300 |a 243 tr.  |c 20 cm 
653 |a Giáo trình 
653 |a Vệ sinh 
653 |a Trẻ em 
910 |a Huỳnh Thị Cẩm Lai  |d 09/09/2011 
OWN |a LSP 
AVA |a UDN50  |b LSP  |d 372.37 HO-P  |e check_holdings  |t Error 5003 Not defined in file expand_doc_bib_avail.  |h N  |k 1 
999 |a From the UDN01 
AVA |a UDN50  |b LSP  |d 372.37 HO-P  |e available  |t Error 5001 Not defined in file expand_doc_bib_avail.  |f 85  |g 2  |h N  |i 25  |k 1 
TYP |a Monograph 
TYP |a Printed language 
980 |a Mạng thư viện Đại học Đà Nẵng